[Event "47th GER-ch Blitz 2020"]
[Site "Magdeburg"]
[Date "2020.08.15"]
[Round "13.8"]
[White "Koch, Thomas"]
[Black "Weller, Manuel"]
[Result "1-0"]
[WhiteElo "2461"]
[BlackElo "2237"]
[Annotator "TA"]
[PlyCount "137"]
[EventDate "2020.07.28"]
[EventType "tourn"]
[EventCountry "GER"]
[SourceTitle "playchess.com"]
[Source "ChessBase"]
[SourceQuality "1"]

{[%evp 9,137,27,28,-4,16,17,25,25,15,19,23,-2,62,58,123,93,121,121,233,160,193,193,198,196,202,173,170,162,172,127,110,0,91,39,39,39,41,39,39,19,43,21,89,49,311,310,331,329,334,323,328,308,351,366,362,309,429,396,674,613,814,832,1164,768,1298,827,749,641,651,238,243,193,195,91,104,89,88,91,214,146,220,174,202,72,93,0,73,-218,-206,-326,-324,-321,-187,-187,-188,-200,-179,-271,-252,-289,-169,-232,-37,-464,0,-498,-362,-775,-762,-29972,-29973,-29971,-835,-786,-766,-29997,-741,-624,-368,-375,-375,-343,0,-843,-591,-677,-637,-684,0,-493]} 1. d4 d5 2. c4 Nc6 3. cxd5 Qxd5 4. Nf3 e5 5. Nc3 Bb4 {[%cal Re5d4]} 6. a3 {D07: Queen's Gambit: Chigorin Defence.} (6. Bd2 $5 {[%cal Rc3d5]} Bxc3 7. Bxc3 $11) 6... Bxc3+ $1 7. bxc3 e4 8. Nd2 {White has an edge.} e3 9. fxe3 Nf6 10. Qb3 Qf5 {[#]} (10... O-O $11) 11. Qb1 $146 ({Predecessor:} 11. Nf3 O-O 12. g3 Be6 13. Qb1 Qg4 14. Bg2 Bd5 15. O-O Rfe8 16. c4 Be4 17. Qb3 {1-0 (32) Schrems,H (2090)-Hoebarth,G (1889) Bad Woerishofen 2020}) 11... Qg4 (11... Qxb1 $14 12. Rxb1 Nd5) 12. e4 O-O 13. g3 h5 (13... b6 $16) 14. Qd3 Re8 {[%cal Rf6e4]} 15. h3 Qg6 {[%cal Rf6e4]} 16. Bg2 Be6 17. O-O Rad8 18. Qf3 Na5 19. Qf4 c5 20. e3 ({But not} 20. dxc5 Nd7 $11) (20. d5 $16 Bc8 21. c4) 20... Bc4 (20... Nb3 $1 $11 21. Nxb3 Bxb3) 21. Rf2 (21. Nxc4 $16 Nxc4 22. e5 {[%mdl 64] Discovered Attack}) 21... Bd3 $1 {[%cal Rd3e4]} 22. e5 $36 {[%mdl 2048] Black is under pressure.} Nd5 23. Bxd5 $1 Rxd5 24. a4 b6 25. Kh2 Rc8 (25... Rd7 $11) 26. Bb2 Rc6 $2 {[%mdl 8192]} (26... cxd4 $14 27. exd4 Nc4) 27. e4 $18 Rd8 28. d5 Rcc8 29. Qe3 c4 30. Re1 Re8 31. Nf3 Nb3 {Now ...Nc5 and Black clings on.} 32. Qf4 {Hoping for Nh4.} Rf8 33. Nh4 Qh7 $2 (33... Qh6 34. Qxh6 gxh6) 34. Ba3 Nc5 35. Bxc5 Rxc5 36. Nf5 Rc7 37. Qg5 Kh8 38. Re3 f6 39. Qf4 $2 (39. Nh4) 39... g5 40. Qf3 fxe5 41. Rxd3 (41. g4 $18) 41... g4 $16 42. Qe3 cxd3 43. Qxd3 Qd7 (43... Qg6 $16) 44. Qe3 {[%mdl 1024] White has strong compensation.} Qh7 (44... Qd8 $16) 45. d6 Rd7 46. Qd3 (46. hxg4 $1 $18 {is more deadly.} Rg8 47. g5) 46... Qf7 47. Rf1 (47. Rd2 $16) 47... Qf6 (47... Qa2+ $11 {remains equal.} 48. Kg1 gxh3) 48. h4 $2 {[%mdl 8192] [#]} (48. Rd1 $16 {and life is bright.}) 48... Rxd6 $1 $19 {[%mdl 576] Pin} 49. Qe3 (49. Qe2 {might work better.}) (49. Qxd6 Qxd6) 49... Rd7 50. Rf2 Qg6 (50... Rfd8 $142 51. c4 Rd3) 51. c4 Rfd8 52. Qc3 Qe6 53. c5 (53. Qc1 $142) 53... Rc8 54. Qc1 Qg6 ({Don't take} 54... bxc5 55. Ne3 $19) (54... Kh7 $142 55. Qf1 Rf7 56. cxb6 axb6) 55. Ne3 (55. Qf1 {was necessary.}) 55... Rxc5 $2 (55... Qxe4 $19 56. Nf5 Qc6) 56. Qb2 $2 {[%mdl 8192]} (56. Qf1 $1 $15) 56... Qe6 $2 ({Black should play} 56... Qxe4 $19 57. Qb3 Qg6) 57. Nf5 $2 {[%mdl 8192]} (57. Rf5 $11) 57... Rdc7 58. Qd2 $2 {[#]} (58. Ne3 Rf7 59. Re2) 58... Rc2 $1 59. Qd8+ (59. Qxc2 Rxc2) 59... Kh7 60. Rd2 Rxd2+ (60... Qc8 $142 61. Kg1 Rxd2 62. Qxd2 Rc1+ 63. Kf2 Rc2 $1 {[%mdl 512]} 64. Ke3 Qc5+ 65. Kd3 Rxd2+ 66. Kxd2 Qf2+ 67. Kd3 Qf3+ 68. Kd2 Qxe4 69. Ne3 Qxa4 70. Nd1 Qa2+ 71. Ke3 Qb3+ 72. Ke2 Qxg3 73. Kd2 Qxh4 74. Kc2 g3 75. Nc3 g2 76. Ne2 Qf2 $1 {[%mdl 512]} 77. Kd1 h4 78. Ng1 Qxg1+ 79. Kc2 Qc5+ 80. Kb2 g1=Q 81. Kb3 Qb1+ 82. Ka4 Qd1#) 61. Qxd2 {[%mdl 4096] Endgame KQR-KQN} Rd7 62. Qg5 Qg6 (62... Qa2+ $142 63. Qd2 Rxd2+ 64. Kh1 Rd1#) 63. Qc1 Rf7 64. Qc8 Qf6 65. Qe8 Rc7 $2 (65... a6 $19 {White must now prevent ...Qg6.} 66. Kg2 {[#]} b5 $1 {[%mdl 512]} 67. axb5 axb5 68. Qxb5 Qd8) 66. Kg1 $2 {[%mdl 8192]} (66. Qxh5+ $11 Kg8 67. Qxg4+ Kf8 68. Qd1) 66... Qg6 67. Qd8 Rc1+ 68. Kf2 Rc6 $2 (68... Qe6 $19 {( -> ...Qa2+)} 69. Qd2 Ra1) 69. Ke1 $2 {[%mdl 40960] Accuracy: White = 37%, Black = 37%. . Sensor Board Error (Ke4/e5)?} (69. Qe7+ $11 Kg8 70. Qd8+ Kh7 71. Qe7+ Kg8 72. Qd8+ Kh7) 1-0

[Event "47th GER-ch Blitz 2020"]
[Site "Magdeburg"]
[Date "2020.08.15"]
[Round "13.9"]
[White "Svane, Rasmus"]
[Black "Bluebaum, Matthias"]
[Result "1-0"]
[WhiteElo "2613"]
[BlackElo "2647"]
[Annotator "TA"]
[PlyCount "93"]
[EventDate "2020.07.28"]
[EventType "tourn"]
[EventCountry "GER"]
[SourceTitle "playchess.com"]
[Source "ChessBase"]
[SourceQuality "1"]

{[%evp 9,93,14,24,22,22,14,2,4,0,0,7,0,42,10,33,37,53,34,54,48,79,74,74,73,71,67,70,65,66,58,62,67,83,90,94,94,94,94,102,80,117,80,110,92,120,93,152,147,256,251,265,257,254,263,257,227,231,168,166,159,238,246,255,206,377,356,374,360,431,397,632,631,636,419,805,775,1009,991,993,972,1055,1040,1079,950,29998,29999]} 1. Nf3 d5 2. g3 Bg4 3. Bg2 e6 4. O-O Nf6 5. h3 Bxf3 6. Bxf3 {A07: Réti Opening: New York and Capablanca Systems.} Bd6 7. d3 c6 8. e4 {The position is equal.} Nbd7 {[#]} 9. a4 $146 ({Predecessor:} 9. Qe2 Qc7 10. Nc3 O-O-O 11. a4 Rdg8 12. Rb1 g5 13. Bg2 a5 14. exd5 exd5 15. d4 {1-0 (37) Vachier Lagrave,M (2780)-Topalov,V (2740) Abidjan 2019}) 9... a5 10. Nd2 Qc7 11. Bg2 h5 12. exd5 cxd5 13. Nf3 Qb6 14. c3 Ne5 15. Nxe5 Bxe5 16. Qe2 Bd6 17. Bg5 Be7 18. Rfe1 Rd8 19. d4 Kf8 20. Bf3 Qc7 {White leaves nothing to chance now.} 21. Bxf6 Bxf6 22. Bxh5 g6 23. Bg4 Kg7 24. Kg2 b6 25. Qf3 Qd6 26. Re2 Rhe8 27. Rae1 Rb8 (27... e5 $142) 28. h4 $16 b5 {[#]} (28... Rh8 $16 {is a better defense.} 29. Bxe6 fxe6) 29. axb5 $1 $18 Rxb5 30. h5 gxh5 31. Bxh5 Re7 32. Qg4+ Kf8 33. Rd1 {[%cal Be1d1,Bd1d3,Bd3f3,Bf3f4,Bf4h4,Bh4h7][%mdl 32]} Rb6 34. Rd3 a4 (34... e5 $16 {was necessary.} 35. dxe5 Rxe5 36. Rxe5 Qxe5) 35. Rf3 Bg7 36. Qg6 {[%cal Rf3f7]} Qd7 $2 (36... Qc7 37. Qh7 Qd8) 37. Qh7 Ra6 38. Rf4 {aiming for Rg4.} f5 39. Qg6 Kg8 (39... Rd6 $142 40. g4 e5 41. Qxf5+ Rf6) 40. Qg5 Rb6 41. Rh4 Rc6 (41... Qd8 $142 42. Bf3 Rd7) 42. Bg6 Kf8 43. Rh7 e5 44. Bxf5 Qc7 45. dxe5 Rxe5 {[#]} 46. Rxg7 $1 Rxf5 (46... Qxg7 47. Qxg7+) 47. Rg8+ {Accuracy: White = 83%, Black = 49%.} 1-0

[Event "47th GER-ch Blitz 2020"]
[Site "Magdeburg"]
[Date "2020.08.15"]
[Round "13.10"]
[White "Reichmann, Hendrik"]
[Black "Braeuning, Rudolf Wilhelm"]
[Result "1/2-1/2"]
[WhiteElo "2348"]
[BlackElo "2244"]
[Annotator "TA"]
[PlyCount "41"]
[EventDate "2020.07.28"]
[EventType "tourn"]
[EventCountry "GER"]
[SourceTitle "playchess.com"]
[Source "ChessBase"]
[SourceQuality "1"]

{[%evp 9,41,10,18,11,14,19,15,-62,-49,-53,-47,-49,-50,-89,-79,-81,-84,-71,-65,-76,-29,-30,-31,-36,-29,-37,-32,-45,-46,-47,-41,-50,-43,-57]} 1. d4 Nf6 2. Bf4 c5 3. e3 d5 4. Nc3 a6 5. dxc5 Nc6 6. Nf3 {D00: 1 d4 d5: Unusual lines.} Bg4 7. Be2 e6 {[#]} 8. Bd6 $146 (8. Na4 $11) ({Predecessor:} 8. Na4 Nd7 9. h3 Bh5 10. O-O Nxc5 11. Nxc5 Bxc5 12. Ne5 Bxe2 13. Qxe2 Rc8 14. c4 dxc4 15. Rfd1 Qh4 16. Nd7 Be7 17. Qxc4 Qh5 18. a4 Rd8 19. Nb6 Rxd1+ {0-1 (19) Tang,A (2490)-Wang,Y (2684) chess.com INT 2019}) 8... Bxd6 9. cxd6 Qxd6 10. O-O O-O 11. e4 {White wants to play e5!} Bxf3 12. Bxf3 {[%cal Re4d5]} d4 13. Ne2 {[%cal Bc3e2,Be2c1,Bc1d3][%mdl 32]} Rfd8 14. g3 e5 15. Nc1 Rac8 16. a3 Nd7 17. Bg4 Rc7 {Black is slightly better.} 18. Bxd7 Qxd7 19. Nd3 f6 20. f4 Rdc8 21. Rc1 {Accuracy: White = 82%, Black = 91%.} 1/2-1/2

[Event "47th GER-ch Blitz 2020"]
[Site "Magdeburg"]
[Date "2020.08.15"]
[Round "13.11"]
[White "Svane, Frederik"]
[Black "Muranyi, Karl-Jasmin"]
[Result "0-1"]
[WhiteElo "2421"]
[BlackElo "2331"]
[Annotator "TA"]
[PlyCount "80"]
[EventDate "2020.07.28"]
[EventType "tourn"]
[EventCountry "GER"]
[SourceTitle "playchess.com"]
[Source "ChessBase"]
[SourceQuality "1"]

{[%evp 12,80,25,-2,19,17,13,13,35,3,25,0,7,0,-5,0,25,21,20,23,37,7,9,8,41,48,39,48,70,3,12,-162,-165,-174,-175,-158,-104,-232,-226,-325,-330,-326,-250,-360,-334,-295,-225,-274,-237,-219,-222,-363,-366,-509,-501,-548,-534,-548,-547,-541,-526,-704,-679,-735,-733,-705,-684,-698,-636,-546,-514]} 1. e4 c6 2. Nf3 d5 3. Nc3 Bg4 4. h3 Bxf3 5. Qxf3 e6 6. d3 Nf6 7. g3 Be7 {B11: Caro-Kann: Two Knights Variation.} 8. Bg2 O-O 9. O-O Nbd7 {The position is equal.} 10. Qe2 a5 11. f4 {[#]} Qb6+ $146 ({Predecessor:} 11... dxe4 12. dxe4 e5 13. f5 b5 14. h4 Nc5 15. g4 b4 16. Nd1 h6 17. g5 Nh7 18. gxh6 Bxh4 {½-½ (57) Civin,T (2235)-Meduna,E (2460) Czechia 1997}) 12. Kh2 dxe4 13. dxe4 Rfd8 14. b3 (14. e5 {keeps more tension.} Nd5 15. Ne4 Nc5 16. c4 Nxe4 17. Bxe4 Nc7 18. Rb1) 14... Qa6 15. Qxa6 Rxa6 16. Rd1 Raa8 17. a4 Bc5 18. e5 Nd5 19. Ne4 Be7 20. c4 ({White should try} 20. Nd6 $14) 20... Nb4 $11 21. Be3 $2 (21. Bb2 $11 {and White is okay.}) 21... Nc2 $1 $19 {[%csl LRa1,LRe3][%mdl 64] [#] Double Attack} 22. Bf2 Nxa1 23. Rxa1 f5 (23... Bb4 $142 24. Nd6 Rdb8) 24. exf6 (24. Nd6 $17) 24... Nxf6 25. Ng5 (25. Ra2 {keeps fighting.}) 25... Rd2 26. Bb6 Bb4 27. Nxe6 (27. Rb1 $142) 27... Re8 28. f5 Rd3 29. g4 h6 ({Much less strong is} 29... Rxb3 30. Rd1 $19) 30. Rb1 Nd7 31. Bd4 (31. c5 $142) 31... Nf8 32. Nxf8 Kxf8 {Black is clearly winning.} (32... Rxd4 $2 33. Ne6 $19) 33. Bg1 Re2 34. Kh1 {intending Bf1.} Re1 35. Rxe1 Bxe1 {KRB-KB} 36. h4 Bxh4 37. Bb6 Bd8 38. Bc5+ Kg8 39. b4 axb4 40. Bxb4 Rd4 {Accuracy: White = 40%, Black = 76%.} 0-1

[Event "47th GER-ch Blitz 2020"]
[Site "Magdeburg"]
[Date "2020.08.15"]
[Round "13.12"]
[White "Schneider, Ilja"]
[Black "Krause, Benedict"]
[Result "1/2-1/2"]
[WhiteElo "2479"]
[BlackElo "2425"]
[Annotator "TA"]
[PlyCount "179"]
[EventDate "2020.07.28"]
[EventType "tourn"]
[EventCountry "GER"]
[SourceTitle "playchess.com"]
[Source "ChessBase"]
[SourceQuality "1"]

{[%evp 9,179,0,26,27,16,16,17,17,15,17,46,-16,0,-69,2,-74,14,10,12,15,20,-9,0,0,0,-18,-16,-35,-10,-113,-131,-122,-97,-136,-57,-59,0,0,-1,-44,-16,-27,0,0,0,0,0,0,0,-84,-63,-106,-56,-319,-47,-74,-78,-64,-11,-116,-77,-64,-75,-68,-63,-71,-65,-60,-58,-67,-76,-71,0,-52,-22,-39,-37,-146,-143,-192,-151,-214,-109,-214,-134,-129,-106,-101,-108,-104,-25,-81,0,0,0,0,0,0,0,0,0,0,81,0,0,0,0,0,0,0,0,-8,0,0,1,1,10,0,0,-8,-8,-8,-9,-13,-8,-46,-42,-52,-45,-54,0,0,0,0,0,0,0,0,0,0,0,0,0,0,0,-5,0,0,0,0,0,0,0,0,0,0,0,0,0,0,0,0,0,0,0,0,0,0,0,0,0,0]} 1. d4 Nf6 2. Bg5 Ne4 3. Bf4 d5 4. e3 c5 5. Bd3 Nf6 6. c3 {A45: Trompowsky Attack.} Nc6 7. Nd2 Bg4 8. Ngf3 e6 9. O-O Bd6 10. Bg3 ({White should play} 10. Qb3 $14 Rb8 11. dxc5 Bxf4 12. exf4) (10. Bxd6 Qxd6 11. h3 Bh5 12. dxc5 Qxc5 13. e4 Bxf3 14. Qxf3 Ne5 15. Qg3 Nxd3 16. Qxd3 O-O 17. Nb3 {1-0 (57) Schneider,I (2494)-Krause,B (2434) Magdeburg 2019}) 10... O-O {[#]} 11. Qe2 $146 (11. Bh4 $11) ({Predecessor:} 11. Qb1 c4 12. Bc2 b5 13. Ne5 Qc7 14. Nxg4 Nxg4 15. Bxh7+ Kh8 16. Bc2 f5 17. Qd1 g6 18. Bxd6 Qxd6 {1-0 (45) Queiroz,M (2019)-De Oliveira,J (1881) Joao Pessoa 2019}) 11... Re8 (11... Bxg3 $15 12. hxg3 e5 13. dxe5 Nxe5) 12. Rfd1 (12. dxc5 $11 Bxc5 13. h3) 12... e5 (12... Bxg3 $17 13. hxg3 e5 14. dxe5 Nxe5) 13. dxc5 $11 Bxc5 {aiming for ...e4.} 14. e4 d4 $1 15. Nb3 Bb6 16. h3 Bh5 17. Bh2 Qe7 18. cxd4 exd4 {[%cal Rf6e4]} 19. Qd2 (19. g4 $11 Bg6 20. e5) 19... Nxe4 20. Qf4 Nf6 21. a4 Bxf3 (21... Qb4 $17 22. Nbd2 Bg6 23. Bxg6 hxg6) 22. Qxf3 $15 Ne5 (22... a6 $15) 23. Bxe5 $1 $11 Qxe5 24. Nd2 (24. Rac1 {with more complications.} Rad8 25. Qxb7 Nd5 26. g3 Nb4 27. Qf3) 24... Bc7 {[#] ( -> ...Qh2+)} (24... Rab8 {seems wilder.} 25. Rac1 Re7 26. Nc4 Qc5 27. Qf5 Rbe8) 25. g3 Qd5 (25... Rab8 {keeps more tension.} 26. Rac1 Re7 27. Nb3 g6 28. Rd2 Kg7) 26. Rac1 Qxf3 $40 {[%mdl 128] Black has some attack.} 27. Nxf3 Bb6 28. b4 a5 29. b5 (29. bxa5 $11 Rxa5 30. Rc4) 29... g6 30. Bf1 Rad8 31. Bg2 $2 {[%mdl 8192]} (31. Nd2 $15) 31... Nd5 $2 (31... d3 $19 32. Kf1 Ne4) 32. Nxd4 $15 Nb4 33. Nb3 Nd3 (33... Rd3 $1 $15 34. Rxd3 Nxd3) 34. Rb1 (34. Rc2 $11 {keeps the balance.}) 34... Nxf2 (34... Bxf2+ {feels hotter.} 35. Kf1 Bb6 36. Nd2 Rd4 37. Ne4 Kg7) 35. Rxd8 Rxd8 36. Bxb7 Nxh3+ 37. Kg2 Ng5 38. Rc1 Rd3 39. Nc5 Rd2+ 40. Kf1 Ra2 ({Better is} 40... Kf8 $17) 41. Rc4 (41. Bd5 $11 Rd2 42. Bc6) 41... h5 42. Bd5 Kg7 43. Ne4 (43. Ke1 $15) 43... Nxe4 $17 44. Rxe4 {[%mdl 4096] Endgame KRB-KRB} Rd2 45. Bb3 (45. Bc6 $17 {was called for.}) 45... Rd7 (45... Rd3 $19 46. Bc4 Rxg3) 46. Rc4 (46. Bc4 $17) 46... Rd6 47. Ke2 g5 48. Re4 Kf6 49. Re8 {[#]} Rd4 (49... Rd8 $1 $17 {[%cal Rd8e8]} 50. Re4 (50. Rxd8 Bxd8 51. Bc4 g4 $19) 50... Rc8) 50. Rb8 (50. Rf8 $11) 50... Rd6 ({Black should try} 50... Bc7 $17 51. Rf8 Bxg3 52. Rxf7+ Ke5 53. Re7+ Kd6 54. Re6+ Kc5 55. Rc6+ Kb4) 51. Rh8 Kg6 52. Bc2+ f5 {With the idea ...Rd8.} 53. Rg8+ Kh6 54. Rh8+ Kg7 55. Rxh5 Kg6 (55... Re6+ $11 {remains equal.} 56. Kd2 Kf6) 56. Rh8 (56. g4 $1 $16) 56... Re6+ $11 57. Kd1 Rd6+ 58. Ke2 Re6+ 59. Kd1 Rd6+ 60. Kc1 Be3+ 61. Kb1 Kg7 62. Re8 f4 63. gxf4 gxf4 64. Be4 Rd4 65. Kc2 {next b6 is good for White.} Rxa4 66. Bc6 Rb4 67. Kc3 Kf6 68. Ra8 Bd4+ 69. Kd3 Bc5 (69... Bb6 $15) 70. Rxa5 {The position is equal.} Rd4+ 71. Kc3 Rd6 72. Kc4 Bg1 73. Ra1 Be3 74. Rh1 Kg5 75. Rh8 Rd4+ 76. Kb3 Rd3+ 77. Kb4 Rd1 78. Rg8+ Kf6 79. Re8 Rb1+ 80. Kc4 Rc1+ 81. Kd5 Rd1+ 82. Ke4 Rd4+ 83. Kf3 Rb4 84. Kg4 Kf7 85. Re5 Kf6 86. Rd5 Ke6 87. Rh5 Kf6 88. Kf3 Rc4 89. Rh7 Rb4 90. Rh5 {White happily takes the draw. Accuracy: White = 67%, Black = 66%.} 1/2-1/2

[Event "47th GER-ch Blitz 2020"]
[Site "Magdeburg"]
[Date "2020.08.15"]
[Round "13.13"]
[White "Siebarth, Raiko"]
[Black "Stein, Robert"]
[Result "1/2-1/2"]
[WhiteElo "2333"]
[BlackElo "2325"]
[Annotator "TA"]
[PlyCount "79"]
[EventDate "2020.07.28"]
[EventType "tourn"]
[EventCountry "GER"]
[SourceTitle "playchess.com"]
[Source "ChessBase"]
[SourceQuality "1"]

{[%evp 17,79,10,14,16,14,13,20,-24,-22,-23,-26,-33,-49,-38,8,-9,82,82,59,0,0,0,12,0,16,16,16,0,0,-33,20,8,256,257,262,250,366,379,312,52,100,100,100,100,100,100,100,100,100,100,139,79,137,138,148,144,149,149,149,112,149,112,149,153]} 1. e4 e5 2. Nf3 Nc6 3. Bc4 Bc5 4. c3 Nf6 5. d4 exd4 6. O-O d6 7. cxd4 Bb6 8. Nc3 Bg4 9. Be3 O-O 10. h3 {C56: Two Knights: 4 d4 exd4 5 0-0 Nxe4.} Bxf3 11. gxf3 Ne7 12. Kh2 {[#] The position is equal.} d5 $146 ({Predecessor:} 12... Ng6 13. Rg1 Nh5 14. Rg4 Nf6 15. Rg2 Nh5 16. Qd2 Ba5 17. Rag1 Bxc3 18. bxc3 c6 {1-0 (26) Maiorov,D (1988)-Hauk,V (1473) playchess.com INT 2012}) 13. Bb3 c6 14. Rg1 Kh8 15. e5 Bc7 16. f4 Ne4 (16... Nfg8 $11) 17. Nxe4 dxe4 18. Bc2 (18. Qf1 $14) 18... f5 $1 $11 19. Qh5 g6 20. Qh4 $40 {[%mdl 128] White mounts an attack.} Nd5 21. Qh6 Rg8 22. Bb3 Qe7 23. Rg3 Qe6 ({Better is} 23... Rae8 $15) 24. Rag1 Rg7 $2 {[#]} (24... Bd8 $11) 25. h4 $18 Rag8 26. h5 Qf7 (26... Bd8 {was necessary.} 27. hxg6 Re8) 27. Rxg6 Rxg6 28. Rxg6 $2 {[#]} (28. hxg6 $18 Qe7 29. Rg5) 28... Rxg6 29. hxg6 Qg7 30. Qxh7+ Qxh7+ 31. gxh7 $16 {[%mdl 4096] Endgame KBB-KBN} Bd8 32. Kg3 Kxh7 33. Bd2 Be7 34. f3 (34. Ba5 $142) 34... exf3 ({Black should play} 34... e3 35. Bxd5 exd2) 35. Kxf3 Kg6 36. a3 {[%cal Ba2a3,Ba3a4][%mdl 32]} Bf8 37. Bc2 Be7 38. Bd3 a6 39. Bf1 b5 40. a4 {Accuracy: White = 77%, Black = 55%.} 1/2-1/2

[Event "47th GER-ch Blitz 2020"]
[Site "Magdeburg"]
[Date "2020.08.15"]
[Round "13.14"]
[White "Hess, Max"]
[Black "Schoewel, Matthias"]
[Result "0-1"]
[WhiteElo "2378"]
[BlackElo "2218"]
[Annotator "TA"]
[PlyCount "92"]
[EventDate "2020.07.28"]
[EventType "tourn"]
[EventCountry "GER"]
[SourceTitle "playchess.com"]
[Source "ChessBase"]
[SourceQuality "1"]

{[%evp 10,92,39,35,45,41,46,43,66,45,68,31,60,39,43,24,81,87,81,89,90,92,94,42,43,3,60,58,114,64,122,115,122,122,128,0,0,0,0,0,0,0,27,0,0,0,0,0,0,0,0,0,0,-12,-8,-12,-12,-10,-10,-10,-6,-10,-10,-10,-10,-181,-16,-15,0,-61,-31,-440,-366,-359,-358,-343,-189,-190,-104,-190,-67,-673,-673,-993,-597]} 1. e4 e5 2. Nf3 Nc6 3. Bb5 d6 4. d4 Bd7 5. O-O Nf6 6. d5 Nb8 {C66: Ruy Lopez: Steinitz Defence.} 7. Bd3 Be7 8. c4 O-O {White is slightly better.} 9. Nc3 {[#]} h6 $146 ({Predecessor:} 9... Na6 10. h3 Nc5 11. Qe2 h6 12. Be3 Nxd3 13. Qxd3 Nh7 14. b4 f5 15. Rac1 f4 {0-1 (30) Alcala Cuesta,M (1867)-Sanchez de Las Hazas,L Alcala de Henares 2007}) 10. c5 Nh7 11. cxd6 cxd6 12. Qb3 Bc8 (12... Bg4 $1 $11 {keeps the balance.}) 13. Be3 $36 {[%mdl 2048] Black is under strong pressure.} Nd7 14. Rac1 Ng5 15. Nd2 b6 16. Nb5 (16. Qc2 $16) 16... Nc5 $14 17. Qa3 Nxd3 (17... Bd7 $11) 18. Qxd3 Ba6 (18... Bd7 $14) 19. Qb3 (19. Rc6 {is interesting.} Qd7 20. a4 Qg4 21. f3 Nh3+ 22. Kh1) 19... Bxb5 ({Better is} 19... Qd7 $14 20. a4 Rfc8) 20. Qxb5 $16 f5 21. exf5 Rxf5 22. Bxg5 (22. Rc6 $16) 22... Bxg5 $11 23. Qd3 Rf7 24. Rc6 Bxd2 $1 25. Qxd2 Qf6 26. Rfc1 Raf8 {[%cal Rf6f2]} 27. R1c2 e4 28. h3 Qe5 29. Rc8 Rxc8 30. Rxc8+ {[%mdl 4096] Endgame KQR-KQR} Kh7 31. Rc3 Rf5 32. Rc7 Qxd5 33. Qxd5 Rxd5 34. Rxa7 {KR-KR} Rd1+ 35. Kh2 Rd2 36. Kg3 Rxb2 37. Kf4 $2 {[#]} (37. Ra4 $11 {and White stays safe.}) 37... d5 $2 (37... Rxf2+ $19 38. Kxe4 Rxg2) 38. Ke3 $1 Kg6 39. g4 (39. Rd7 $11) 39... Kf6 40. Kd4 $2 {[%mdl 8192]} ({White should try} 40. Rd7 $1 $15) 40... Rd2+ 41. Ke3 Rd3+ 42. Ke2 Ke5 (42... Rxh3 $142 43. Rd7 Ke5 44. Rxg7 Ra3) 43. Rxg7 Ra3 (43... Rxh3 $19 {And now ...Ra3 would win.} 44. Re7+ Kf4) 44. Rg6 (44. Rh7 $17) 44... Rxa2+ ({Black should play} 44... Rxh3 $19 {...d4 is the strong threat.} 45. Rxb6 d4) 45. Kf1 $2 {[%mdl 8192] [#]} (45. Ke1 $15) 45... d4 $19 46. Rxb6 {intending Rb5+.} d3 {Accuracy: White = 49%, Black = 54%.} 0-1

[Event "47th GER-ch Blitz 2020"]
[Site "Magdeburg"]
[Date "2020.08.15"]
[Round "13.15"]
[White "Kopylov, Michael"]
[Black "Berger, Steve"]
[Result "1/2-1/2"]
[WhiteElo "2407"]
[BlackElo "2408"]
[Annotator "TA"]
[PlyCount "88"]
[EventDate "2020.07.28"]
[EventType "tourn"]
[EventCountry "GER"]
[SourceTitle "playchess.com"]
[Source "ChessBase"]
[SourceQuality "1"]

{[%evp 15,88,-25,-25,-25,-25,-20,-20,-23,-16,-47,-68,-64,-33,-40,-42,-106,-88,-99,-89,-104,-43,-22,-10,-15,59,-37,-37,-39,-42,-99,-100,-110,-29,-68,-58,-72,-58,-71,-55,-78,-27,-63,-64,-107,-102,-124,-70,-129,-106,-124,0,-97,-61,-66,0,-11,-11,-162,-53,-147,-146,-124,-134,-1068,-1099,-29995,-29995,-29995,-29996,-29996,-29997,-29997,-29994,-29994,-29995]} 1. d4 d5 2. c4 dxc4 3. e4 Nf6 4. Nc3 e5 5. Nf3 exd4 6. Qxd4 Qxd4 7. Nxd4 Bc5 8. Ndb5 Na6 {aiming for ...c6.} 9. Bf4 {D20: Queen's Gambit Accepted: 3 e3 and 3 e4.} c6 10. Nd6+ Bxd6 11. Bxd6 {The position is equal.} Be6 $1 12. O-O-O O-O-O 13. Be2 Rhe8 14. f3 Nd7 {[#]} 15. f4 $146 (15. Rd4 $15) ({Predecessor:} 15. Rd4 b5 16. Rhd1 Nac5 17. Bg3 Nb7 18. Bf2 a6 19. h4 Ne5 20. h5 c5 21. R4d2 Rxd2 22. Rxd2 {0-1 (69) Aronian,L (2786)-Dominguez Perez,L (2719) Moscow 2009}) 15... f6 $1 $17 16. Rd4 b5 17. Rhd1 {[#]} Nb6 (17... Nac5 $1 $17) 18. e5 $15 fxe5 19. fxe5 Nd5 (19... Nc7 $11) 20. Bf3 (20. Nxd5 $14 Bxd5 21. Rxd5 cxd5 22. Rxd5) 20... Nxc3 21. bxc3 Kb7 22. Ba3 (22. Rh4 $15) 22... Rxd4 $17 23. Rxd4 Nc7 ({Black should play} 23... Kb6 $17) 24. Bd6 Nd5 25. Kd2 a5 26. a3 Rd8 27. Be4 g6 ({Better is} 27... Nb6 $17) 28. Bf3 Rd7 29. h4 Rf7 30. h5 g5 (30... gxh5 $17 31. a4 Nc7) 31. h6 (31. a4 $1 $15) 31... Kb6 32. Re4 Kb7 33. Rd4 $1 Kc8 34. a4 b4 (34... g4 $1 $15 35. Bxg4 Bxg4 36. Rxg4 Kd7) 35. Rxc4 bxc3+ 36. Kc1 $2 (36. Ke1 $1 $11 {and White has nothing to worry.}) 36... Kd7 (36... Nb4 $1 $19 37. Bxb4 Bxc4 38. Bxc3 Be6) 37. Rc5 ({White should try} 37. Bc5 $15) 37... g4 38. Bxd5 Bxd5 {[%mdl 4096] Endgame KRB-KRB} 39. g3 $2 {[%mdl 8192] [#]} (39. Rxa5 $17 Ke6 40. Rc5) 39... Rf3 $1 $19 40. Rxa5 Be4 {[%cal Rf3f1] Black mates.} 41. Ra7+ Ke6 {[%cal Rf3f1]} 42. Re7+ Kd5 {[%cal Rf3f1]} 43. Kd1 c2+ 44. Kd2 Rf2+ {[%mdl 32768] Accuracy: White = 48%, Black = 63%. . An unexpected result.} 1/2-1/2